| 000 | 00799nam a2200241Ia 4500 | ||
|---|---|---|---|
| 003 | GCL | ||
| 005 | 20240530102312.0 | ||
| 008 | 140319s9999 xx 000 0 ara d | ||
| 040 |
_aGCL / _cGCL |
||
| 082 | 0 | 4 |
_a659.1 _bخ ا |
| 100 | 1 | _aخليل صابات | |
| 245 | 1 | 0 |
_aالاعلان : تاريخه واسسه وقواعده وفنونه واخلاقياته / _cخليل صابات |
| 260 |
_a[S.N] : _bمكتبة الانجلوالمصرية ، _c1987 |
||
| 300 | _a358 ص | ||
| 650 | 0 | 4 | _aالتسويق |
| 650 | 0 | 4 | _aالاعلان |
| 650 | 0 | 4 | _aالعلاقات العامة |
| 650 | 0 | 4 | _aالاعلان بالصحف |
| 650 | 0 | 4 | _aالاعلان بالاذاعة |
| 650 | 0 | 4 | _aالاعلان بالتلفزيون |
| 650 | 0 | 4 | _aالاعلان بالسينما |
| 942 |
_2ddc _cBK |
||
| 999 |
_c31287 _d31287 |
||